[Event "UGA-chT"]
[Site "Kampala"]
[Date "2022.08.28"]
[Round "5"]
[White "James, Emanikor"]
[Black "Otika, Elvis Brain"]
[Result "1-0"]
[WhiteElo "1675"]
[BlackElo "1559"]
[PlyCount "71"]
[EventDate "2022.07.10"]
[EventType "team-swiss"]
[EventRounds "14"]
[EventCountry "UGA"]
[SourceTitle "EXT 2024"]
[Source "ChessBase"]
[SourceDate "2023.10.10"]
[SourceVersion "1"]
[SourceVersionDate "2023.10.10"]
[SourceQuality "1"]
[WhiteTeam "Western Express"]
[BlackTeam "Butikiro CC"]
[WhiteTeamCountry "UGA"]
[BlackTeamCountry "UGA"]

1. d4 d5 2. e3 Nf6 3. Bd3 Bg4 4. Ne2 Nbd7 5. c4 c6 6. cxd5 cxd5 7. Qb3 Qb6 8. Bb5 e6 9. a4 a5 10. f3 Bh5 11. g4 Bg6 12. g5 Bb4+ 13. Bd2 Nh5 14. Bxb4 axb4 15. Qxb4 Kd8 16. Nbc3 Qa5 17. Qd6 Qc7 18. Qa3 Nb6 19. b3 Qe7 20. Qc5 Nd7 21. Bxd7 Qxd7 22. Nb5 Ra6 23. Kf2 Rc6 24. Qb4 Qe7 25. Qa5+ b6 26. Qa8+ Rc8 27. Qa6 Qxg5 28. Qxb6+ Ke7 29. Qd6+ Kf6 30. h4 Qf5 31. Nbc3 Rhd8 32. Qa6 Qc2 33. Rhc1 Qxb3 34. Nxd5+ Qxd5 35. Rxc8 Rxc8 36. Qxc8 1-0